000 00300nam a22001217a 4500
040 _cSK
082 _a631
100 _aសួស ចំណាន
245 _aAgriculture machinery; ម៉ាស៊ីនកសិកម្ម ១
260 _aRUA
_bសួស
_c2008
300 _a42p.
942 _cKB
999 _c10115
_d10115